The Equatorial Rain Forest

Bibliographic Details
Main Author: Flenley, John R.
Corporate Author: ScienceDirect (Online service)
Format: eBook
Language:Undetermined
Published: Butterworth-Heinemann 1979
Subjects:
Online Access:Connect to the full text of this electronic book

MARC

Tag First Indicator Second Indicator Subfields
LEADER 00000nam a22000003u 4500
001 in00005775076
005 20260327190627.6
006 m o d
007 cr |||||||||||
008 250620s1979 xx o 000 u und d
040 |a OCLKB  |b eng  |e pn  |c OCLKB 
020 |a 9780408713054 
020 |a 0408713054 
035 |a (OCoLC)1524345045 
049 |a TXAM 
100 1 |a Flenley, John R. 
245 1 4 |a The Equatorial Rain Forest 
264 1 |b Butterworth-Heinemann  |c 1979 
300 |a 1 online resource 
336 |a text  |b txt  |2 rdacontent 
337 |a computer  |b c  |2 rdamedia 
338 |a online resource  |b cr  |2 rdacarrier 
588 |a Machine-generated record 
655 7 |a Electronic books.  |2 local 
710 2 |a ScienceDirect (Online service) 
856 4 0 |u http://proxy.library.tamu.edu/login?url=https://www.sciencedirect.com/science/book/9780408713054  |z Connect to the full text of this electronic book  |t 0 
955 |a Elsevier ScienceDirect 2026-2027 
994 |a 92  |b TXA 
999 f f |i 8323592e-5701-4cfb-93dd-dfb889eb8f9e  |s 0b8b4457-6c8f-42c7-9bda-a13b7cc7bd6a  |t 0 
952 f f |a Texas A&M University  |b College Station  |c Electronic Resources  |s www_evans  |d Available Online  |t 0  |h Library of Congress classification 
998 f f |t 0  |l Available Online